| 000 | 00601nam a2200205Ia 4500 | ||
|---|---|---|---|
| 003 | IN-BaIIA | ||
| 008 | 211028s9999 xx 000 0 eng d | ||
| 020 | _a3-540-59109-5 | ||
| 040 | _cIIA Library | ||
| 080 |
_a523.947 _bBEN |
||
| 100 |
_aBenz, Arnold O _918758 |
||
| 245 | 0 |
_aCoronal magnetic energy releases _cArnold O Benz |
|
| 260 |
_aBerlin _bSpringer-Verlag _c1995 |
||
| 300 | _a[various pagings.] | ||
| 650 |
_aCorona _98341 |
||
| 650 |
_aCoronal Dynamics _919447 |
||
| 650 |
_aMagnetic Energy _920231 |
||
| 650 | _aSolar Corona | ||
| 942 | _cBK | ||
| 999 |
_c11696 _d11696 |
||